000 00311nam a2200133Ia 4500
008 150301s2013 xx 000 0 und d
082 _a641.2
_bBAG
100 _aBAGCHI, S.N.
245 _aTB. OF FOOD & BEVERAGE SERVICE
250 _a3RD
260 _bAMAN PUB. DELHI
_c2013
300 _a530
942 _2ddc
_cBK
999 _c6997
_d6997